000 00994nam a2200277Ia 4500
003 IN-BaIIA
008 211028s9999 xx s 000 0 eng d
020 _a978-3-540-40583-2 (Print)
020 _a978-3-540-45095-5 (Online)
022 _a0075-8450 (Print)
022 _a1616-6361 (Online)
040 _cIIA Library
100 _aNarayanan, Ranga, ed.
_940104
245 0 _aInterfacial Fluid Dynamics and Transport Processes
_h[eBook]
260 _aHeidelberg, Berlin
_bSpringer Berlin Heidelberg
_c2003
300 _aOnline resource
490 _aLecture Notes in Physics
650 _a Engineering Fluid Dynamics
_936588
650 _a Fluid- and Aerodynamics
_938460
650 _a Soft and Granular Matter, Complex Fluids and Microfluidics
_938376
650 _a Surfaces and Interfaces, Thin Films
_938400
650 _aPhysics
_973
700 _aSchwabe, Dietrich, ed.
_940105
856 _uhttp://doi.org/10.1007/978-3-540-45095-5
_yClick Here to Access eBook
942 _cEB
999 _c21688
_d21688